000 01629nam a22003017a 4500
003 PE SENCICO BE
005 20251020182710.0
008 250121b |||||||| |||| 00| 0 eng d
020 _a9972-726-06-1
040 _aPE SENCICO BE
_cPE SENCICO BE
041 _aspa
082 _a759.985
_bM9
110 1 _92849
_aLima.
_bMunicipalidad
_bPinacoteca Municipal Ignacio Merino
245 1 _aAcuarelas de Pancho Fierro y seguidores :
_bcolección Ricardo Palma /
_cMunicipalidad Metropolitana de Lima ; investigación histórica y estudio introductorio, Francisco Stastry Mosberg ; fotografías, Yutaka Yoshii
250 _a1a ed.
260 _aLima :
_bEdlibros ;
_c2007
300 _a394 páginas :
_bilustraciones a color, fotografías, láminas ;
_c31 cm.
505 0 _aLa biografía -- Retratos -- El ambiente artístico y la formación profesional -- Los origenes del costumbrismo de Pancho Fierro -- Viajes científicos y un obispo ilustrado -- Pintores itinerantes -- La vida profesional de un artista negro -- La obra -- Acuarelas de Pancho Fierro y seguidores Colección Ricardo Palma -- Manuscrito de Ricardo Palma. Transcripción de comentarios -- Índices manuscritos de Ricardo Palma -- Primer inventario municipal Colección Ricardo Palma 1955 -- Índice de títulos Colección Ricardo Palma
600 1 0 _92852
_aFierro, Pancho
_d1807-1879
650 1 0 _92850
_aAcuarelas peruanas
650 2 0 _92851
_aPintura peruana
650 2 0 _9682
_aPintores
651 1 0 _9661
_aPerú
700 1 _92853
_aStastry Mosberg, Francisco
700 1 _92854
_aYoshii, Yutaka
910 _ahfp
_bhfp
_chfp
942 _2ddc
_cLIB
999 _c5068
_d5068